000 00604nam a2200205Ia 4500
005 20250508160832.0
008 008 250505s9999 xx 000 0 eng d
037 _aTextual
040 _aFEDL
_beng
_cFEDL
041 _aeng
_2eng
084 _a370.15, HAR
_qFEDL
100 _aHardy Richard E.
_922639
245 0 _aGroup counseling and therapy techniques in special settings
260 _aSpringfield
_bCharles C Thomas
_c1974
300 _a166p
650 _aEducation - Psychology
700 _a Gull John G.
_9769499
942 _cTEXL
_h370.15, HAR
999 _c1366888
_d1366888